| 000 | 01015nam a22003730a 4500 | ||
|---|---|---|---|
| 001 | PT52019 | ||
| 003 | AR-LpoUNG | ||
| 005 | 20210131231452.0 | ||
| 008 | 191001ss.f.||||ag |||||||||||||||||spa d | ||
| 040 |
_aAR-LpoUNG _bspa _cAR-LpoUNG _eaacr |
||
| 041 | _aspa | ||
| 044 | _aag | ||
| 082 | 0 | _a982.12 582rec | |
| 245 | 1 | 0 |
_aRecuperando la historia de Quilmes : _bconcurso |
| 250 | _a1ra. ed. | ||
| 260 |
_aQuilmes : _b[s.n.], _cs.f.. |
||
| 300 |
_a111 p. : _bfot. |
||
| 650 | 4 | _aANALISIS HISTORICO | |
| 650 | 4 | _aARGENTINA | |
| 650 | 4 | _aASPECTOS DEMOGRAFICOS | |
| 650 | 4 | _aBARRIOS | |
| 650 | 4 | _aBIBLIOTECAS PUBLICAS | |
| 650 | 4 | _aGOBIERNO LOCAL | |
| 650 | 4 | _aHISTORIA | |
| 650 | 4 | _aORGANISMOS LOCALES | |
| 651 | 4 | _aArgentina | |
| 653 | _aBIBLIOTECAS POPULARES | ||
| 653 | _aHISTORIA LOCAL | ||
| 653 | _aQUILMES | ||
| 710 | 2 | _aBiblioteca Popular Joan Rico De BahÃa (Quilmes) | |
| 710 | 2 | _aBibliotecas Populares de Quilmes. Consejo Asesor Permanente | |
| 905 | _a52019 | ||
| 942 | _cLSALA | ||
| 999 |
_c10211 _d10211 |
||